| 000 | 00876cam a2200205 4500 | ||
|---|---|---|---|
| 008 | 000000n2000 000 0 eng u | ||
| 035 | _a(Sirsi) u108127 | ||
| 245 | _aCall to tighten Construction Act | ||
| 260 | _c2000 | ||
| 490 |
_aConstruction News _v(6681) 31 August 2000, 2(1) |
||
| 520 | _aThe Construction Liaison Group is pushing government to improve the implementation of the Construction Act, following an unsatisfactory survey of subcontractors. The CLG also expressed concern about the lack of interest in Constructionline - the register of qualified contractors and consultants. | ||
| 590 | _aWB | ||
| 650 | _aCONSTRUCTION LIAISON GROUP | ||
| 650 | _aCLG | ||
| 650 | _aHOUSING GRANTS, CONSTRUCTION AND REGENERATION ACT 1996 | ||
| 650 | _aSPECIALIST CONTRACTORS | ||
| 650 | _aCONSTRUCTIONLINE | ||
| 690 | _aBUILDING AND CONSTRUCTION-LAW | ||
| 942 | _n0 | ||
| 999 |
_c64583 _d64583 |
||